书目信息 |
| 题名: |
AutoCAD 2005中文版建筑设计实例精解
|
|
| 作者: | 黄广才 , 徐久成 , 牛改芳 编著 | |
| 分册: | ||
| 出版信息: | 北京 电子工业出版社 2005.1 |
|
| 页数: | 388页 | |
| 开本: | 26cm | |
| 丛书名: | ||
| 单 册: | ||
| 中图分类: | TU204-39 | |
| 科图分类: | ||
| 主题词: | 建筑制图--jian zhu zhi tu--制图程序 , 建筑制图--jian zhu zhi tu , 制图程序--zhi tu cheng xu | |
| 电子资源: | ||
| ISBN: | 7-121-00838-6 | |
| 000 | 01140nam0 2200301 45 | |
| 001 | 012005000000 | |
| 005 | 20050510101010.0 | |
| 010 | @a7-121-00838-6@dCNY39.00(含光盘) | |
| 010 | @a7-89496-574-X@b光盘 | |
| 100 | @a20050510d2005 em y0chiy0121 ea | |
| 101 | 0 | @achi |
| 102 | @aCN@b110000 | |
| 105 | @ay z 000yy | |
| 200 | 1 | @aAutoCAD 2005中文版建筑设计实例精解@AAutoCAD 2005 zhong wen ban jian zhu she ji shi li jing jie@f黄广才,徐久成,牛改芳等编著 |
| 210 | @a北京@c电子工业出版社@d2005.1 | |
| 215 | @a388页@d26cm@e光盘1片 | |
| 330 | @a本书主要讲述了如何利用AutoCAD 2005中文版设计各种建筑方案,书中通过普通住宅和联排别墅这两种住宅类型的实例,介绍了各种平面方案、立面方案、组团平面方案等。 | |
| 333 | @a阅读对象:建筑设计专业人员、大中专院校师生等 | |
| 606 | 0 | @a建筑制图@Ajian zhu zhi tu@x制图程序 |
| 606 | 0 | @a建筑制图@Ajian zhu zhi tu |
| 606 | 0 | @a制图程序@Azhi tu cheng xu |
| 610 | 0 | @aAutoCAD |
| 690 | @aTU204-39@v4 | |
| 701 | 0 | @a黄广才@Ahuang guang cai@4编著 |
| 701 | 0 | @a徐久成@Axu jiu cheng@4编著 |
| 701 | 0 | @a牛改芳@Aniu gai fang@4编著 |
| 801 | 0 | @aCN@bSRXX@c20050510 |
| 905 | @a10447@dTU204-39@eH830 | |
| AutoCAD 2005中文版建筑设计实例精解/黄广才,徐久成,牛改芳等编著.-北京:电子工业出版社,2005.1 |
| 388页;26cm+光盘1片 |
| 使用对象:阅读对象:建筑设计专业人员、大中专院校师生等 |
| ISBN 7-121-00838-6:CNY39.00(含光盘) |
| 本书主要讲述了如何利用AutoCAD 2005中文版设计各种建筑方案,书中通过普通住宅和联排别墅这两种住宅类型的实例,介绍了各种平面方案、立面方案、组团平面方案等。 |
| ● |
| 相关链接 |
|
|
|
正题名:AutoCAD 2005中文版建筑设计实例精解
索取号:TU204-39/H830
 
预约/预借
| 序号 | 登录号 | 条形码 | 馆藏地/架位号 | 状态 | 备注 |
| 1 | 546912 | 205469125 | 建筑库101/101建筑库 110排1列6层/ [索取号:TU204-39/H830] | 在馆 | |
| 2 | 546913 | 205469134 | 建筑库101/101建筑库 110排1列6层/ [索取号:TU204-39/H830] | 在馆 | |
| 3 | 546914 | 205469143 | 建筑库101/101建筑库 110排1列6层/ [索取号:TU204-39/H830] | 在馆 |